[Event "Menton op 17th"]
[Site "Menton"]
[Date "2018.10.25"]
[Round "7"]
[White "Karr, Jean Philippe"]
[Black "Legky, Nikolay A"]
[Result "0-1"]
[WhiteElo "2327"]
[BlackElo "2415"]
[PlyCount "112"]
[EventDate "2018.10.21"]
[EventType "swiss"]
[EventRounds "9"]
[EventCountry "FRA"]
[SourceTitle "CBM 187 Extra"]
[Source "ChessBase"]
[SourceDate "2018.11.04"]
[SourceVersion "1"]
[SourceVersionDate "2018.11.04"]
[SourceQuality "1"]

1. d4 Nf6 2. c4 c5 3. d5 e5 4. Nc3 d6 5. e4 Be7 6. g3 Na6 7. Bg2 Nc7 8. Nge2 a6 9. a4 b6 10. 0-0 h5 11. f4 Nd7 12. Be3 h4 13. Nc1 hxg3 14. hxg3 Rb8 15. Nd3 Bf6 16. Qf3 Qe7 17. Rf2 b5 18. axb5 axb5 19. cxb5 Nxb5 20. Nxb5 Rxb5 21. Ra7 Rb7 22. Rxb7 Bxb7 23. Bf1 Kd8 24. Rc2 exf4 25. gxf4 g5 26. e5 gxf4 27. Bxc5 Bxe5 28. Nxe5 Qxe5 29. Re2 Qg5+ 30. Rg2 Qxd5 31. Qxd5 Bxd5 32. Rg5 Rh1+ 33. Kf2 Rxf1+ 34. Kxf1 Bc4+ 35. Kg2 Nxc5 36. b4 Ne6 37. Rf5 Ke7 38. Ra5 Bd3 39. b5 Be4+ 40. Kf2 Nc5 41. Ra7+ Ke6 42. b6 Bb7 43. Ra1 Ke5 44. Re1+ Ne4+ 45. Kf3 d5 46. Rc1 d4 47. Rc7 Nd6+ 48. Ke2 f3+ 49. Kf2 f5 50. Re7+ Kf4 51. Kg1 d3 52. Rd7 Ke5 53. Re7+ Kd5 54. Re3 Kd4 55. Re6 Ne4 56. Re7 d2 0-1

[Event "Menton op 17th"]
[Site "Menton"]
[Date "2018.10.24"]
[Round "5"]
[White "Maze, Sebastien"]
[Black "Karr, Jean Philippe"]
[Result "1-0"]
[WhiteElo "2595"]
[BlackElo "2327"]
[PlyCount "63"]
[EventDate "2018.10.21"]
[EventType "swiss"]
[EventRounds "9"]
[EventCountry "FRA"]
[SourceTitle "CBM 187 Extra"]
[Source "ChessBase"]
[SourceDate "2018.11.04"]
[SourceVersion "1"]
[SourceVersionDate "2018.11.04"]
[SourceQuality "1"]

1. e4 c5 2. Nf3 e6 3. d4 cxd4 4. Nxd4 Nc6 5. Nc3 Qc7 6. f4 a6 7. Nxc6 Qxc6 8. Be2 b5 9. Bf3 Bb7 10. Qd3 Rc8 11. Be3 b4 12. e5 Qc7 13. Ne4 f5 14. exf6 Nxf6 15. Nxf6+ gxf6 16. Bh5+ Ke7 17. 0-0-0 d5 18. Rhe1 Qc4 19. Qd2 Bh6 20. g3 a5 21. Bd4 e5 22. b3 Qc6 23. Kb1 Kd8 24. Be3 exf4 25. gxf4 Kc7 26. Qd4 Rcd8 27. c3 Qe6 28. Ka1 Bf8 29. cxb4 Bxb4 30. Rc1+ Kd7 31. Bd2 Qf5 32. Bxb4 1-0

[Event "Menton op 17th"]
[Site "Menton"]
[Date "2018.10.22"]
[Round "2"]
[White "Gesing, Oliver"]
[Black "Karr, Jean Philippe"]
[Result "1/2-1/2"]
[WhiteElo "2115"]
[BlackElo "2327"]
[PlyCount "94"]
[EventDate "2018.10.21"]
[EventType "swiss"]
[EventRounds "9"]
[EventCountry "FRA"]
[SourceTitle "CBM 187 Extra"]
[Source "ChessBase"]
[SourceDate "2018.11.04"]
[SourceVersion "1"]
[SourceVersionDate "2018.11.04"]
[SourceQuality "1"]

1. e4 c5 2. Nc3 Nc6 3. g3 g6 4. Bg2 Bg7 5. d3 d6 6. f4 e6 7. Nf3 Nge7 8. 0-0 0-0 9. Be3 b6 10. d4 Ba6 11. Re1 Rc8 12. Bf2 cxd4 13. Nxd4 Nxd4 14. Bxd4 e5 15. Be3 Qd7 16. fxe5 Bxe5 17. Qd2 Bc4 18. Bd4 Nc6 19. Bxe5 Nxe5 20. Rad1 Rfd8 21. Qg5 Qc6 22. Rd2 Qc5+ 23. Kh1 Be6 24. Nd5 Bxd5 25. exd5 Qa5 26. Rf1 Qxa2 27. c3 Re8 28. h4 Qc4 29. Rf4 Qc7 30. Bh3 Rcd8 31. Rf6 Qe7 32. Qf4 h5 33. Qg5 Kg7 34. Rdf2 Rf8 35. g4 hxg4 36. Bxg4 Rde8 37. h5 Nxg4 38. Qxg4 Qe4+ 39. Qxe4 Rxe4 40. Rxd6 Rh4+ 41. Rh2 Rxh2+ 42. Kxh2 Rh8 43. Rd7 Rxh5+ 44. Kg3 b5 45. b3 a5 46. c4 a4 47. Rb7 axb3 1/2-1/2

[Event "FRA-chT Top 12"]
[Site "Drancy"]
[Date "2016.06.07"]
[Round "11.7"]
[White "Letreguilly, Olivier"]
[Black "Karr, Jean Philippe"]
[Result "0-1"]
[WhiteElo "2306"]
[BlackElo "2366"]
[PlyCount "82"]
[EventDate "2016.05.28"]
[EventType "team-tourn"]
[EventRounds "11"]
[EventCountry "FRA"]
[SourceTitle "CBM 172 Extra"]
[Source "ChessBase"]
[SourceDate "2016.06.21"]
[SourceVersion "1"]
[SourceVersionDate "2016.06.21"]
[SourceQuality "1"]
[WhiteTeam "Chalons en Champagne"]
[BlackTeam "Drancy Cavalier Bleu"]
[WhiteTeamCountry "FRA"]
[BlackTeamCountry "FRA"]

1. d4 Nf6 2. Nf3 g6 3. Bf4 Bg7 4. e3 0-0 5. Nbd2 d6 6. h3 c5 7. c3 b6 8. Be2 Bb7 9. 0-0 Nbd7 10. a4 a6 11. Bh2 Ra7 12. Nc4 Ne4 13. Nfd2 Qa8 14. Bf3 Nxd2 15. Bxb7 Qxb7 16. Qxd2 Qd5 17. Qe2 cxd4 18. exd4 Rc8 19. Ne3 Qe4 20. Rfe1 Nf6 21. Qd1 Qc6 22. Qb3 Rb7 23. c4 Bh6 24. Qd3 Bxe3 25. Qxe3 d5 26. b3 Rd8 27. Rec1 Ne4 28. f3 Nd6 29. c5 Nf5 30. Qd3 bxc5 31. Rxc5 Qb6 32. g4 Ng7 33. Rb1 Ne6 34. b4 Nxc5 35. dxc5 Qc6 36. Qa3 d4 37. Rd1 f6 38. g5 Qd5 39. Kf2 fxg5 40. Rd3 Qc4 41. Qb3 Rxb4 0-1

[Event "FRA-chT Top 12"]
[Site "Drancy"]
[Date "2016.05.28"]
[Round "1.5"]
[White "Brochet, Philippe"]
[Black "Karr, Jean Philippe"]
[Result "1-0"]
[WhiteElo "2379"]
[BlackElo "2366"]
[PlyCount "71"]
[EventDate "2016.05.28"]
[EventType "team-tourn"]
[EventRounds "11"]
[EventCountry "FRA"]
[SourceTitle "CBM 172 Extra"]
[Source "ChessBase"]
[SourceDate "2016.06.21"]
[SourceVersion "1"]
[SourceVersionDate "2016.06.21"]
[SourceQuality "1"]
[WhiteTeam "Montpellier"]
[BlackTeam "Drancy Cavalier Bleu"]
[WhiteTeamCountry "FRA"]
[BlackTeamCountry "FRA"]

1. e4 c5 2. Nf3 Nc6 3. Bb5 Nf6 4. Nc3 g6 5. h3 Bg7 6. e5 Ng8 7. 0-0 Nh6 8. d3 Nf5 9. Bf4 0-0 10. Bxc6 dxc6 11. Ne4 b6 12. Re1 Ba6 13. a3 Nd4 14. b4 c4 15. dxc4 Nxf3+ 16. Qxf3 Bxc4 17. Rad1 Qc8 18. Bg5 Qc7 19. Qf4 Bxe5 20. Qh4 f6 21. Bh6 Bf7 22. f4 Bb2 23. Bxf8 Rxf8 24. a4 c5 25. bxc5 bxc5 26. c3 c4 27. Qf2 Ba3 28. Ra1 Bd6 29. Nxd6 exd6 30. Qd4 Kg7 31. Rab1 d5 32. Rb5 Rd8 33. Reb1 Rd7 34. a5 Re7 35. a6 Re4 36. Rb7 1-0

[Event "FRA-chT Top 16 Gp Basse"]
[Site "Guingamp"]
[Date "2010.06.06"]
[Round "11.7"]
[White "Roos, Jean Luc"]
[Black "Karr, Jean Philippe"]
[Result "1/2-1/2"]
[WhiteElo "2259"]
[BlackElo "2385"]
[PlyCount "94"]
[EventDate "2010.06.03"]
[EventType "team-tourn"]
[EventRounds "11"]
[EventCountry "FRA"]
[SourceTitle "EXT 2011"]
[Source "ChessBase"]
[SourceDate "2010.11.26"]
[SourceVersion "1"]
[SourceVersionDate "2010.11.26"]
[SourceQuality "1"]
[WhiteTeam "Strasbourg"]
[BlackTeam "Drancy"]
[WhiteTeamCountry "FRA"]
[BlackTeamCountry "FRA"]

1. e4 c5 2. Nf3 Nc6 3. d4 cxd4 4. Nxd4 Nf6 5. Nc3 e5 6. Ndb5 d6 7. Bg5 a6 8. Na3 b5 9. Bxf6 gxf6 10. Nd5 f5 11. exf5 Bxf5 12. c3 Bg7 13. Nc2 0-0 14. Nce3 Be6 15. g3 f5 16. f4 e4 17. Bg2 b4 18. 0-0 bxc3 19. bxc3 Ne7 20. g4 Nxd5 21. Nxd5 Qa5 22. Ne7+ Kf7 23. Nxf5 Bxf5 24. gxf5 d5 25. Rb1 Kg8 26. Rb7 Rab8 27. Rxb8 Rxb8 28. f6 Bxf6 29. Bh3 Kh8 30. Kh1 Qxc3 31. Bf5 Qc7 32. Qxd5 e3 33. Qe6 Qe7 34. Re1 Qxe6 35. Bxe6 Bd4 36. Re2 Kg7 37. Kg2 Kf6 38. Bc4 a5 39. Kf3 Bc5 40. Rc2 h6 41. Bd3 Rc8 42. a4 Rc7 43. Be4 Bd6 44. Rxc7 Bxc7 45. Kxe3 Bd6 46. h3 Bc7 47. Bd3 Bd6 1/2-1/2

[Event "FRA-chT Top 16 GpA"]
[Site "France"]
[Date "2010.04.30"]
[Round "5"]
[White "Jussupow, Artur"]
[Black "Karr, Jean Philippe"]
[Result "1-0"]
[WhiteElo "2573"]
[BlackElo "2385"]
[PlyCount "65"]
[EventDate "2010.03.26"]
[EventType "team-tourn"]
[EventRounds "7"]
[EventCountry "FRA"]
[SourceTitle "CBM 135 Extra"]
[Source "ChessBase"]
[SourceDate "2010.05.04"]
[SourceVersion "1"]
[SourceVersionDate "2010.05.04"]
[SourceQuality "1"]

1. d4 Nf6 2. c4 g6 3. g3 Bg7 4. Bg2 d5 5. cxd5 Nxd5 6. Nf3 Nb6 7. Nc3 Nc6 8. e3 0-0 9. 0-0 Re8 10. Re1 a5 11. Qe2 e5 12. Nxe5 Nxe5 13. dxe5 Bxe5 14. e4 Be6 15. f4 Bd4+ 16. Be3 Nc4 17. Bf2 Bxc3 18. bxc3 Qd2 19. Qf3 Red8 20. f5 Rd3 21. Qg4 Bd7 22. e5 Ne3 23. Rxe3 Rxe3 24. Rd1 Qxc3 25. Rxd7 Rxe5 26. fxg6 hxg6 27. Bxb7 Rb8 28. Bd5 Qa1+ 29. Kg2 Rxd5 30. Rxd5 Qxa2 31. Qd4 a4 32. Ra5 a3 33. Qc3 1-0

[Event "FRA-chT Top 16 Gp Basse"]
[Site "Le Port Marly"]
[Date "2009.05.31"]
[Round "11"]
[White "Roos, Louis"]
[Black "Karr, Jean Philippe"]
[Result "1/2-1/2"]
[WhiteElo "2350"]
[BlackElo "2388"]
[PlyCount "72"]
[EventDate "2009.05.28"]
[EventType "team-tourn"]
[EventRounds "11"]
[EventCountry "FRA"]
[SourceTitle "CBM 130 Extra"]
[Source "ChessBase"]
[SourceDate "2009.07.02"]
[SourceVersion "2"]
[SourceVersionDate "2009.07.15"]
[SourceQuality "1"]

1. d4 Nf6 2. Nf3 g6 3. h3 Bg7 4. Nc3 d5 5. Bf4 0-0 6. e3 c5 7. Bd3 b6 8. 0-0 Bb7 9. Re1 Ne4 10. Bxe4 dxe4 11. Ng5 cxd4 12. exd4 Qxd4 13. Qxd4 Bxd4 14. Nb5 Nc6 15. c3 Bg7 16. Nxe4 Rad8 17. Bc7 Rd5 18. a4 h6 19. Rad1 Rxd1 20. Rxd1 a6 21. Na3 Ne5 22. f3 Bc6 23. b3 b5 24. axb5 axb5 25. Nc2 Bxe4 26. fxe4 Nc6 27. Nd4 Nxd4 28. cxd4 Rc8 29. Ba5 Rc2 30. Bb4 Kf8 31. e5 f6 32. e6 f5 33. d5 Be5 34. d6 exd6 35. Bxd6+ Bxd6 36. Rxd6 Rb2 1/2-1/2

[Event "FRA-chT Top 16 GpA"]
[Site "France"]
[Date "2009.05.03"]
[Round "7"]
[White "Jakovenko, Dmitrij"]
[Black "Karr, Jean Philippe"]
[Result "1-0"]
[WhiteElo "2753"]
[BlackElo "2388"]
[PlyCount "61"]
[EventDate "2009.03.20"]
[EventType "team"]
[EventRounds "7"]
[EventCountry "FRA"]
[SourceTitle "CBM 129 Extra"]
[Source "ChessBase"]
[SourceDate "2009.05.05"]
[SourceVersion "2"]
[SourceVersionDate "2009.05.20"]
[SourceQuality "1"]

1. e4 c5 2. Nf3 e6 3. d4 cxd4 4. Nxd4 Nc6 5. Nc3 Qc7 6. Be3 a6 7. Qd2 Nf6 8. 0-0-0 Bb4 9. f3 Ne5 10. Nb3 b5 11. Qe1 Be7 12. f4 Ng6 13. e5 Ng4 14. Ne4 Nxe3 15. Qxe3 Nh4 16. Nd4 f5 17. Nd6+ Bxd6 18. exd6 Qc5 19. Qg3 Ng6 20. h4 0-0 21. h5 Nh8 22. h6 g6 23. Nf3 Bb7 24. Ne5 Be4 25. c4 Ra7 26. Rh3 b4 27. Qh4 b3 28. Rxb3 Rb7 29. Qe7 Nf7 30. Nxg6 Rbb8 31. Qf6 1-0

[Event "FRA-chT Top 16 GpA"]
[Site "France"]
[Date "2009.04.30"]
[Round "4"]
[White "Karr, Jean Philippe"]
[Black "Marcelin, Cyril"]
[Result "0-1"]
[WhiteElo "2388"]
[BlackElo "2495"]
[PlyCount "96"]
[EventDate "2009.03.20"]
[EventType "team"]
[EventRounds "7"]
[EventCountry "FRA"]
[SourceTitle "CBM 129 Extra"]
[Source "ChessBase"]
[SourceDate "2009.05.05"]
[SourceVersion "2"]
[SourceVersionDate "2009.05.20"]
[SourceQuality "1"]

1. d4 d5 2. c4 e6 3. Nc3 Nf6 4. cxd5 exd5 5. Bg5 c6 6. e3 Be7 7. Bd3 Bg4 8. Nge2 Ne4 9. Bf4 Ng5 10. f3 Bh5 11. Ng3 Bg6 12. Nf5 Ne6 13. Be5 Nd7 14. Nd6+ Kf8 15. Bg3 Bxd3 16. Qxd3 Ndc5 17. dxc5 Nxc5 18. Qd2 Bxd6 19. Bxd6+ Qxd6 20. 0-0 Rd8 21. Rad1 h5 22. Qd4 b6 23. e4 Ne6 24. Qa4 Qc5+ 25. Kh1 d4 26. Ne2 b5 27. Qa5 Qb6 28. Qa3+ b4 29. Qd3 h4 30. Qc4 Rh5 31. f4 Qb5 32. Qxb5 Rxb5 33. f5 d3 34. fxe6 dxe2 35. Rxd8+ Ke7 36. Re1 Kxd8 37. exf7 Ke7 38. Rxe2 Kxf7 39. Kg1 Ra5 40. b3 Rc5 41. Kf2 Rc3 42. Ke1 Ke6 43. Kd2 Ke5 44. Rf2 a6 45. Rf7 h3 46. g3 g5 47. Rh7 c5 48. Rxh3 a5 0-1

[Event "FRA-chT Top 16 GpA"]
[Site "France"]
[Date "2009.03.20"]
[Round "1"]
[White "Sokolov, Andrei"]
[Black "Karr, Jean Philippe"]
[Result "1-0"]
[WhiteElo "2552"]
[BlackElo "2388"]
[PlyCount "87"]
[EventDate "2009.03.20"]
[EventType "team"]
[EventRounds "7"]
[EventCountry "FRA"]
[SourceTitle "CBM 129 Extra"]
[Source "ChessBase"]
[SourceDate "2009.05.05"]
[SourceVersion "2"]
[SourceVersionDate "2009.05.20"]
[SourceQuality "1"]

1. e4 c5 2. Nf3 Nc6 3. d4 cxd4 4. Nxd4 Nf6 5. Nc3 e5 6. Ndb5 d6 7. Bg5 a6 8. Na3 b5 9. Nd5 Be7 10. Bxf6 Bxf6 11. c4 b4 12. Nc2 a5 13. Be2 0-0 14. 0-0 Bg5 15. Qd3 Rb8 16. b3 Bb7 17. Rad1 g6 18. Bg4 Ba8 19. Rfe1 a4 20. bxa4 Qa5 21. Bd7 Ne7 22. Bb5 f5 23. Ncxb4 Qa7 24. Nxe7+ Bxe7 25. exf5 Rxf5 26. Qe3 Qb7 27. Nd5 Bg5 28. Qa3 Rd8 29. a5 Qf7 30. f3 Qa7+ 31. Nb6 Bh4 32. Re2 Be7 33. Kh1 d5 34. Qa4 d4 35. Bc6 Bxc6 36. Qxc6 Qxa5 37. Qe6+ Rf7 38. Rxe5 Qxa2 39. Nd5 Bd6 40. Ree1 Qa7 41. Nf6+ Kf8 42. Nxh7+ Kg7 43. Ng5 Re7 44. Qd5 1-0

[Event "FRA-chT1A 0708"]
[Site "France"]
[Date "2007.11.25"]
[Round "3.4"]
[White "Karr, Jean Philippe"]
[Black "Silva Lillo, Sebastian"]
[Result "1/2-1/2"]
[WhiteElo "2394"]
[BlackElo "2369"]
[PlyCount "76"]
[EventDate "2007.10.21"]
[EventType "team"]
[EventRounds "11"]
[EventCountry "FRA"]
[SourceTitle "EXT 2009"]
[Source "ChessBase"]
[SourceDate "2008.11.26"]
[SourceVersion "1"]
[SourceVersionDate "2008.11.26"]
[SourceQuality "1"]
[WhiteTeam "Drancy"]
[BlackTeam "Clichy II"]
[WhiteTeamCountry "FRA"]
[BlackTeamCountry "FRA"]

1. d4 Nf6 2. c4 e6 3. Nc3 Bb4 4. Qc2 0-0 5. a3 Bxc3+ 6. Qxc3 Ne4 7. Qc2 f5 8. Nh3 d6 9. f3 Nf6 10. e3 e5 11. dxe5 dxe5 12. Be2 a5 13. b3 Qe7 14. 0-0 c5 15. Nf2 Nc6 16. Bd3 g6 17. Re1 Be6 18. Bb2 Rad8 19. Qc3 h6 20. f4 exf4 21. exf4 Qf7 22. Re3 b6 23. Rae1 Nd4 24. Bb1 Rfe8 25. Bc1 Bc8 26. Nd3 Rxe3 27. Rxe3 Ne4 28. Qe1 Qf6 29. Ne5 Bb7 30. Bxe4 Bxe4 31. Nxg6 Kh7 32. Nh4 Qc6 33. Rg3 Rg8 34. Rxg8 Kxg8 35. b4 axb4 36. axb4 Qd6 37. bxc5 bxc5 38. Qd2 Qf6 1/2-1/2

[Event "FRA-chT Top 16 GpB"]
[Site "France"]
[Date "2007.05.02"]
[Round "7.5"]
[White "Karr, Jean Philippe"]
[Black "Riff, Jean Noel"]
[Result "1/2-1/2"]
[WhiteElo "2409"]
[BlackElo "2469"]
[PlyCount "66"]
[EventDate "2007.02.09"]
[EventType "team"]
[EventRounds "11"]
[EventCountry "FRA"]
[SourceTitle "EXT 2008"]
[Source "ChessBase"]
[SourceDate "2007.11.25"]
[SourceVersion "1"]
[SourceVersionDate "2007.11.25"]
[SourceQuality "1"]
[WhiteTeam "Drancy"]
[BlackTeam "Mulhouse"]
[WhiteTeamCountry "FRA"]
[BlackTeamCountry "FRA"]

1. d4 Nf6 2. c4 e6 3. Nc3 Bb4 4. Qc2 Nc6 5. Nf3 d6 6. Bd2 Qe7 7. a3 Bxc3 8. Bxc3 0-0 9. g3 e5 10. d5 Nb8 11. Bg2 Nh5 12. 0-0 f5 13. b4 Nd7 14. Rac1 b6 15. c5 Rb8 16. Qa4 bxc5 17. Qxa7 Bb7 18. Rfd1 e4 19. Nh4 e3 20. Bf3 exf2+ 21. Kf1 Nf4 22. bxc5 Nxc5 23. Nxf5 Rxf5 24. Qxb8+ Rf8 25. Qxf8+ Qxf8 26. gxf4 Qxf4 27. Kg2 Ne4 28. Bd4 Qg5+ 29. Kh1 Qh4 30. Rxc7 Ng3+ 31. Kg2 Qxd4 32. Rxd4 f1Q+ 33. Kxg3 Qg1+ 1/2-1/2

[Event "FRA-chT Top 16 GpB"]
[Site "France"]
[Date "2007.04.30"]
[Round "6.5"]
[White "Roos, Jean Luc"]
[Black "Karr, Jean Philippe"]
[Result "1/2-1/2"]
[WhiteElo "2286"]
[BlackElo "2409"]
[PlyCount "133"]
[EventDate "2007.02.09"]
[EventType "team"]
[EventRounds "11"]
[EventCountry "FRA"]
[SourceTitle "EXT 2008"]
[Source "ChessBase"]
[SourceDate "2007.11.25"]
[SourceVersion "1"]
[SourceVersionDate "2007.11.25"]
[SourceQuality "1"]
[WhiteTeam "Strasbourg"]
[BlackTeam "Drancy"]
[WhiteTeamCountry "FRA"]
[BlackTeamCountry "FRA"]

1. d4 Nf6 2. c4 g6 3. Nc3 d5 4. Nf3 Bg7 5. Bg5 Ne4 6. Bf4 Nxc3 7. bxc3 c5 8. cxd5 Qxd5 9. e3 cxd4 10. cxd4 0-0 11. Be2 Nc6 12. 0-0 Bf5 13. Qa4 Qa5 14. Qb3 Qb4 15. Rfc1 Qxb3 16. axb3 Rfc8 17. Bb5 Be4 18. Nd2 Bd5 19. Rc5 Rd8 20. Rac1 Nb4 21. Bc7 Rf8 22. Be2 Rfc8 23. Bd6 Rc6 24. Bxe7 Re8 25. Rxc6 Nxc6 26. Ba3 Bxd4 27. Nc4 Re6 28. Rd1 b5 29. Na5 Nxa5 30. Rxd4 Bxb3 31. Bxb5 Rb6 32. Bf1 Be6 33. Rd1 Nc6 34. Bc5 Rb7 35. Ba6 Rb2 36. h3 Rc2 37. Bd6 Bc4 38. Bb7 Bb5 39. Rb1 a6 40. Ra1 Rd2 41. Bc5 Rc2 42. Bb6 Nb4 43. Rb1 Nd3 44. Be4 Rd2 45. f4 f5 46. Bb7 Nb2 47. Bd4 Nc4 48. Rc1 Kf8 49. Ra1 a5 50. Rb1 Bd7 51. Ba6 Nd6 52. Rb6 Ke7 53. Bc5 h5 54. Kf1 Be6 55. Ke1 Rd5 56. Ba3 Kd7 57. Be2 Kc7 58. Ra6 Bc8 59. Bxd6+ Rxd6 60. Rxa5 Bb7 61. Bf3 Bxf3 62. gxf3 Kd7 63. Re5 Ra6 64. Kf2 h4 65. e4 Ra2+ 66. Ke3 Ra3+ 67. Kf2 1/2-1/2

[Event "FRA-chT Top 16 GpB"]
[Site "France"]
[Date "2007.02.09"]
[Round "1.4"]
[White "Bauer, Christian"]
[Black "Karr, Jean Philippe"]
[Result "1-0"]
[WhiteElo "2609"]
[BlackElo "2403"]
[PlyCount "93"]
[EventDate "2007.02.09"]
[EventType "team"]
[EventRounds "11"]
[EventCountry "FRA"]
[SourceTitle "CBM 116 Extra"]
[Source "ChessBase"]
[SourceDate "2007.03.07"]
[SourceVersion "1"]
[SourceVersionDate "2007.03.07"]
[SourceQuality "1"]
[WhiteTeam "Paris Chess 15"]
[BlackTeam "Drancy"]
[WhiteTeamCountry "FRA"]
[BlackTeamCountry "FRA"]

1. e4 c5 2. Nf3 Nc6 3. d4 cxd4 4. Nxd4 Nf6 5. Nc3 e5 6. Ndb5 d6 7. Bg5 a6 8. Na3 b5 9. Bxf6 gxf6 10. Nd5 f5 11. c3 Bg7 12. Bd3 Be6 13. Qh5 0-0 14. 0-0 f4 15. g4 Kh8 16. Kh1 Rg8 17. g5 f5 18. Rad1 Bxd5 19. g6 h6 20. exd5 Ne7 21. Bxf5 Nxf5 22. Qxf5 Qh4 23. Qe4 Raf8 24. Nb1 Rf6 25. f3 Bf8 26. Rg1 Qh5 27. g7+ Rxg7 28. Rxg7 Bxg7 29. Rg1 Rf5 30. Nd2 Rg5 31. Rxg5 hxg5 32. Qe2 g4 33. fxg4 Qh3 34. Qf3 Qh4 35. Ne4 Qe1+ 36. Kg2 Qb1 37. g5 Kg8 38. Kh3 Qxa2 39. Nxd6 Qxb2 40. Qg4 Qxc3+ 41. Kh4 Qc2 42. Qe6+ Kh7 43. Qf5+ Qxf5 44. Nxf5 e4 45. d6 e3 46. d7 e2 47. Kh5 1-0

[Event "Paris-ch"]
[Site "Paris"]
[Date "2006.07.12"]
[Round "8"]
[White "Karr, Jean Philippe"]
[Black "Bellaiche, Antony"]
[Result "1-0"]
[WhiteElo "2394"]
[BlackElo "2482"]
[PlyCount "57"]
[EventDate "2006.07.08"]
[EventType "swiss"]
[EventRounds "9"]
[EventCountry "FRA"]
[SourceTitle "EXT 2007"]
[Source "ChessBase"]
[SourceDate "2006.11.23"]
[SourceVersion "1"]
[SourceVersionDate "2006.11.23"]
[SourceQuality "1"]

1. d4 Nf6 2. c4 e6 3. Nc3 Bb4 4. Qc2 0-0 5. a3 Bxc3+ 6. Qxc3 b6 7. Bg5 Bb7 8. e3 d6 9. f3 Nbd7 10. Bd3 h6 11. Bh4 c5 12. Ne2 Rc8 13. 0-0 Qe7 14. b4 Rfe8 15. Qb3 Ba8 16. Nc3 d5 17. Rfe1 Nf8 18. cxd5 Bxd5 19. Nxd5 exd5 20. Ba6 c4 21. Qa4 Ra8 22. Qc6 g5 23. Bg3 Qe6 24. Qxe6 fxe6 25. e4 Rad8 26. Bc7 Rd7 27. Be5 Rf7 28. Bxf6 Rxf6 29. exd5 1-0

[Event "Paris-ch"]
[Site "Paris"]
[Date "2006.07.12"]
[Round "4"]
[White "Karr, Jean Philippe"]
[Black "Karim, Ismael"]
[Result "1-0"]
[WhiteElo "2394"]
[BlackElo "2288"]
[PlyCount "65"]
[EventDate "2006.07.08"]
[EventType "swiss"]
[EventRounds "9"]
[EventCountry "FRA"]
[SourceTitle "EXT 2007"]
[Source "ChessBase"]
[SourceDate "2006.11.23"]
[SourceVersion "1"]
[SourceVersionDate "2006.11.23"]
[SourceQuality "1"]

1. d4 d5 2. c4 dxc4 3. e4 e5 4. Nf3 exd4 5. Bxc4 Bb4+ 6. Nbd2 Nc6 7. 0-0 Nf6 8. e5 Nd5 9. a3 Be7 10. Qb3 Na5 11. Qa4+ Nc6 12. Qb3 Na5 13. Qa4+ Nc6 14. Nxd4 Nb6 15. Nxc6 Nxa4 16. Nxd8 Bxd8 17. f4 Nb6 18. Bd3 Be6 19. f5 Bd5 20. Ne4 Be7 21. f6 gxf6 22. Nxf6+ Bxf6 23. exf6 0-0-0 24. Bf5+ Kb8 25. Bh6 Rhe8 26. Rfe1 Nc4 27. Rxe8 Rxe8 28. Rd1 Bc6 29. Bxh7 Nxb2 30. Rd4 b5 31. Bg6 fxg6 32. f7 Rc8 33. Bg5 1-0

[Event "Paris-ch"]
[Site "Paris"]
[Date "2006.07.12"]
[Round "2"]
[White "Karr, Jean Philippe"]
[Black "Lamorelle, Julien"]
[Result "1-0"]
[WhiteElo "2394"]
[BlackElo "2230"]
[PlyCount "111"]
[EventDate "2006.07.08"]
[EventType "swiss"]
[EventRounds "9"]
[EventCountry "FRA"]
[SourceTitle "EXT 2007"]
[Source "ChessBase"]
[SourceDate "2006.11.23"]
[SourceVersion "1"]
[SourceVersionDate "2006.11.23"]
[SourceQuality "1"]

1. d4 Nf6 2. c4 g6 3. Nc3 Bg7 4. e4 d6 5. Nf3 0-0 6. Be2 e5 7. 0-0 Nc6 8. d5 Ne7 9. b4 a5 10. Ba3 axb4 11. Bxb4 b6 12. a4 Ne8 13. Qb3 Rb8 14. Nb5 f5 15. Nd2 Kh8 16. Rfd1 c6 17. dxc6 Nxc6 18. Nf1 Nd4 19. Nxd4 exd4 20. Bd3 Bb7 21. Nd2 Qh4 22. exf5 Be5 23. g3 Qh3 24. Be4 Bxe4 25. Nxe4 Rxf5 26. Qa2 Qg4 27. Re1 Rc8 28. Rab1 d3 29. Bc3 Bxc3 30. Nxc3 Qd4 31. Nb5 Qf6 32. Qd2 d5 33. Qxd3 dxc4 34. Qd7 Qd8 35. Rbd1 Qxd7 36. Rxd7 Rf6 37. Kg2 Kg8 38. Nc3 Rf7 39. Ree7 Rxe7 40. Rxe7 Rd8 41. Re4 Nd6 42. Rd4 Kf7 43. Nb5 Ke6 44. Nxd6 Rxd6 45. Rxc4 Kd5 46. Rc7 h5 47. f4 Ke4 48. Re7+ Kd3 49. Kh3 Kc4 50. Kh4 Kb4 51. Re4+ Ka5 52. Kg5 Rd2 53. Kxg6 Rxh2 54. f5 Rg2 55. f6 Rxg3+ 56. Kxh5 1-0

[Event "Paris-ch"]
[Site "Paris"]
[Date "2006.07.12"]
[Round "5"]
[White "Rohit, Gogineni"]
[Black "Karr, Jean Philippe"]
[Result "0-1"]
[WhiteElo "2401"]
[BlackElo "2394"]
[PlyCount "72"]
[EventDate "2006.07.08"]
[EventType "swiss"]
[EventRounds "9"]
[EventCountry "FRA"]
[SourceTitle "EXT 2007"]
[Source "ChessBase"]
[SourceDate "2006.11.23"]
[SourceVersion "1"]
[SourceVersionDate "2006.11.23"]
[SourceQuality "1"]

1. e4 c5 2. Nf3 e6 3. d4 cxd4 4. Nxd4 Nc6 5. Nc3 Qc7 6. Be3 a6 7. Qd2 Nf6 8. 0-0-0 Bb4 9. f3 Ne5 10. Kb1 Be7 11. f4 Ng6 12. e5 Ng4 13. Bg1 b5 14. h3 Nh6 15. g4 Bb7 16. Bg2 Nxf4 17. Bxb7 Qxb7 18. Qxf4 Qxh1 19. g5 Nf5 20. Nxf5 exf5 21. Nd5 Bd8 22. Qxf5 0-0 23. Qg4 Rc8 24. b3 Kh8 25. h4 Re8 26. Bc5 Qh2 27. b4 Bc7 28. Nxc7 Rxc7 29. Qf5 Qe2 30. Rd5 Kg8 31. Qf4 a5 32. a3 axb4 33. axb4 Ra8 34. Qf2 Qe4 35. Qd4 Qe1+ 36. Qd1 Qc3 0-1